000 00502nam a2200205Ia 4500
003 OSt
005 20230411110747.0
008 210423s2008 xx 000 0 und d
020 _a9788120330740
040 _cAL
041 _aeng
082 _a658.15 KUMS
100 _aKUMAR (S S S).
_985954
245 _aFinancial derivatives.
260 _aNew Delhi
_bPHI Learning Pvt Ltd
_c2008
300 _axiii,401
_bPB
365 _b295
_cINR
906 _aderivatives. ; Financial
942 _2ddc
_cBK
999 _c158439
_d158439